000 00633nam a2200265Ia 4500
005 20260121170002.0
008 008 260114s9999 xx 000 0 eng d
020 _a9783319289618
037 _aEBOOK
040 _aCRL
040 _beng
040 _cCRL
041 _2eng
041 _aeng
084 _qCRL
100 _aWallace Kaufman, David Deamer
_91058424
245 4 _aThe Hunt for FOXP5
260 _bSpringer
260 _bSpringer
260 _c2016
856 _uhttps://link.springer.com/openurl?genre=book&isbn=978-3-319-28961-8
942 _cEBOOK
999 _c1624153
_d1624153